000 00789nam a22002297a 4500
003 NALT
005 20210502122016.0
008 s2009 -uk eng d
020 _a9780521899727
040 _aNALT
041 _aeng
050 _aHC 85
_bL96S 2009
100 1 _aLynch, Daniel R.
_951869
245 1 0 _aSustainable natural resource management for scientists and engineers /
_cDaniel R. Lynch.
260 _aCambridge :
_bCambridge University Press,
_c2009
300 _a230p. :
_bgraphs, tables ;
_c26 cm.
650 0 _aNatural resources
_951870
_xEnvironment aspects
_xmanagement
650 0 _aNatural resources
_951871
_xmanagement
_xmathematical models
850 _aNALT
942 _cGB
_2lcc
998 _bแสงอรุณ อนุเคราะห์
_c103
_j109
_k อารีรัตน์ วิชาช่าง
999 _c58946
_d58946